| 000 | 00973cac a2200241 a 4500 | ||
|---|---|---|---|
| 003 | CO-PeBPM | ||
| 005 | 20250403100026.0 | ||
| 008 | 231129s1995||||ck a||||||||||||| ||spa|| | ||
| 020 | _a9684222904 | ||
| 040 |
_aCO-PeBPM _bspa _cCO-PeBPM _erda |
||
| 041 | _aspa | ||
| 082 | 0 | 4 |
_a150 D249in _222 |
| 100 | 1 | 0 |
_aDavidoff, Linda L. _eautora |
| 245 | 1 | 0 |
_aIntroducción a la psicología _c/ Linda L. Davidoff; traducción Jorge Alejandro Pérez Jaimes; revisión técnica Víctor Adolfo Colotla Espinosa |
| 260 |
_aMadrid España _b: McGraw-Hill _c,1995 |
||
| 300 |
_a xxviii, 698 páginas _bilustraciones., diagrs, retrs en blanco y negro _c23 centimetros |
||
| 500 | _aIncluye índices y apéndice | ||
| 504 | _aIncluye bibliografía al final del texto | ||
| 650 | 1 | 4 |
_aPsicología _2LEMB |
| 700 | 1 | 4 |
_aPérez Jaimes, Jorge Alejandro _etraducción |
| 700 | 1 | 4 |
_aColotla Espinosa, Víctor Adolfo. _eRevisión técnica |
| 942 |
_2ddc _cBK |
||
| 999 |
_c15899 _d15899 |
||